00863nam a2200217 a 4500001001000000003000500010005001700015008004100032010001100073011001100084040000900095100003900104245013300143260004100276500006000317502010200377650004700479650002500526650002400551856007000575000112013CHAP20220329144241.0151118s2015 mx sm |||||||spa d a108474 a109446 cCHAP1 aSánchez Martínez, Carlos Mario10aAnálisis de rentabilidad del cultivo de sorgo en el Estado de Guanajuatoh[En línea]cpor Carlos Mario Sánchez Martínez. aChapingo, Méx. :bEl autor,c2015. aPara ver el contenido del material haga clic en la liga aTesis (Lic. en Economía Agrícola) -- UACH. División de Ciencias Económico Administrativas14aSorgoxCostos de producciónzGuanajuato.14aSorgoxMejoramiento.14aSorgoxRendimiento. aFinding aiduhttp://10.13.5.2/tesis/sist112013.pdfzTeclea aquí